| 000 | 02819nam a2200433Ia 4500 | ||
|---|---|---|---|
| 001 | 303 | ||
| 003 | OSt | ||
| 005 | 20250326090742.0 | ||
| 008 | 210713b ||||e |||| 00| e por d | ||
| 040 | _bpor | ||
| 041 |
_apor _hger |
||
| 041 |
_apor _hlat |
||
| 082 | 1 |
_a320.531 _bM392c |
|
| 082 | 1 |
_a144 _bR843e |
|
| 100 | 1 |
_aMarx, Karl, _d1818-1883 _9589 |
|
| 100 |
_aRoterdã, Erasmo de _d1466 - 1536 _9590 |
||
| 240 | _aDas Kapital. Kritik der politischen Oekonomie. ; Encomium Moriae | ||
| 245 |
_aO Capital / _cMarx, Karl - |
||
| 245 |
_a Elogio da loucura / _cRoterdã, Erasmo de |
||
| 260 |
_aEspírito Santo _bFormar _c1978 |
||
| 300 |
_a114 p. _bO Capital |
||
| 300 |
_a110 p. _bElogio da loucura |
||
| 490 | 1 |
_aGrandes Mestres do Pensamento _vLivro 6 |
|
| 490 | 1 |
_aGrandes Mestres do Pensamento _vLivro 7 |
|
| 500 | _aVolume 6 e 7 da Coleção "Grande Mestres do Pensamentos". | ||
| 520 | _aNa lista dos grandes pensadores modernos do Ocidente, fatalmente se encontra o nome de Karl Marx. O Capital é o seu trabalho mais ambicioso, o que custou a ele mais de 20 anos de estudo e preparação. O resultado é que O Capital, hoje, mais de um século após sua conclusão, está presente nos mais diferentes espaços do estudo social e econômico. O Capital – Extratos por Paul Lafargue (autor do clássico Direito à Preguiça) é a compilação dos trechos essenciais da obra de Karl Marx sobre o funcionamento do capitalismo, com o objetivo de facilitar o entendimento sem perder sua profundidade.Uma edição elogiada pelo próprio Marx. | ||
| 520 | _aO mundo em que vivemos é louco. Muito mais louco do que pensamos. Totalmente louco. Não tem mais remédio. Aliás, se houvesse remédio, o mais salutar seria a própria loucura, o único bem supremo. Assim fala Erasmo de Rotterdam neste livro que, do inicio ao fim, é uma sátira mordaz, mas inteligente, da sociedade do século XVI. A loucura domina o mundo. Loucura por dinheiro, loucura pelo poder, loucura pelo saber, loucura até pela religião. A felicidade suprema do homem está nas loucuras que comete, na transformação da loucura em divindade que guia todos os seus passos. Erasmo, mente privilegiada, perspicaz, corajosa, escreveu para o homem do século XVI, mas parece que, quase como um profeta, pretendia mesmo dizer que o verdadeiro império da Loucura atingiria seu auge no final do século XX e início do século XXI. | ||
| 650 | 0 |
_aLiteratura Alemã _9365 |
|
| 650 | 0 |
_aMarxismo _9591 |
|
| 650 | 0 |
_aComunismo _9592 |
|
| 650 | 0 |
_aLiteratura holandesa _9593 |
|
| 650 | 0 |
_aHumanismo _9594 |
|
| 650 | 0 |
_aSociologia _9595 |
|
| 655 | 0 |
_aEnsaio _9417 |
|
| 655 | 0 |
_aNão Ficção _9102 |
|
| 830 |
_aGrandes Mestres do Pensamento _vvol. 6 _9596 |
||
| 830 |
_aGrandes Mestres do Pensamento _vvol. 7 _9596 |
||
| 942 |
_2ddc _cBK |
||
| 999 |
_c303 _d303 |
||